Music Quiz

Random Music or Lyrics Quiz

Figure out the Maroon 5 lyrics (4) Quiz Stats

 Plays Quiz not verified by Sporcle

Score 0/195 Timer 15:00
0 Plays Today
% Correct
I
93.2%
I
93.2%
I
93.2%
I
93.2%
I
93.2%
I
93.2%
I
93.2%
I
93.2%
I
93.2%
I
93.2%
And
90.7%
a
90.7%
And
90.7%
And
90.7%
a
90.7%
the
90.7%
And
90.7%
the
90.7%
and
90.7%
the
90.7%
a
90.7%
the
90.7%
the
90.7%
And
90.7%
a
90.7%
the
90.7%
And
90.7%
the
90.7%
and
90.7%
the
90.7%
90.7%
90.7%
you.
79.3%
you.
79.3%
She
66.8%
She
66.8%
me
66.1%
be.
65.5%
be.
65.5%
to
59.5%
to
59.5%
to
59.5%
to
59.5%
to
59.5%
to
59.5%
to
59.5%
on
53.2%
can
51.8%
in
49.5%
So
48.7%
So
48.7%
my
47.7%
my
47.7%
my
47.7%
my
47.7%
my
47.7%
of
45.4%
of
45.4%
of
45.4%
of
45.4%
that
41.7%
that
41.7%
her,
41%
what
40.3%
how
39.1%
% Correct
how
39.1%
won
39.1%
won
39.1%
we're
38.6%
we're
38.6%
have
38.2%
have
38.2%
see
38.1%
was
37.8%
us
37.4%
they
37.2%
they
37.2%
it's
36.7%
it's
36.7%
like
36.5%
But
35.2%
But
35.2%
from
34.6%
from
34.6%
from
34.6%
sun.
34%
sun.
34%
ever
33.3%
all
32.9%
all
32.9%
I've
31.5%
I've
31.5%
only
31%
only
31%
been
30.5%
been
30.5%
Make
30.2%
Make
30.2%
won't
30.2%
said
30%
said
30%
home
29.5%
Take
29.4%
take
29.4%
Take
29.4%
things
27.8%
things
27.8%
life
27.5%
life
27.5%
Feel
26.6%
let
26.1%
our
25.7%
cause
25.7%
cause
25.7%
breath
25.6%
breath.
25.6%
breath
25.6%
away.
25.5%
away.
25.5%
under
25.3%
miles
24.5%
miles
24.5%
through
24.5%
through.
24.5%
through.
24.5%
Think
24.2%
used
24.1%
used
24.1%
gone
23.9%
gone
23.9%
% Correct
sad
23.6%
sad
23.6%
cannot
23%
cannot
23%
cannot
23%
After
23%
forget.
22.7%
forget.
22.7%
Walking
22.5%
almost
22.4%
almost
22.4%
several
22.3%
several
22.3%
down
22.2%
song.
22%
song.
22%
smell
21.9%
battle's
21.8%
battle's
21.8%
dirt
21.8%
remember
21.6%
fingernails.
21.6%
fresh
21.5%
school.
21.1%
hot
21.1%
regret.
21.1%
ain't
21.1%
regret.
21.1%
ain't
21.1%
pain
20.6%
pain
20.6%
Trying
20.6%
crying
20.6%
crying
20.6%
met
20.5%
met
20.5%
sometimes
20.2%
sometimes
20.2%
asphalt.
19.8%
everyday
19.8%
everyday
19.8%
Refuse
19.7%
Refuse
19.7%
mama
19.6%
mama
19.6%
pass.
19.5%
photographs.
18.9%
people
18.7%
past.
18%
Cars
17.7%
halt
17.2%
gives
17.1%
rhythm
17.1%
screech
17%
glad
16.9%
glad
16.9%
street.
16.6%
beat
16.6%
meet.
16.3%
images
15.8%
recreate
15.5%
Moving
14%
worth
14%
worth
14%
steps.
13.9%

You're not logged in!

Compare scores with friends on all Sporcle quizzes.
OR
Log In

Show Comments

Extras

Created Nov 3, 2010ReportNominate
Tags:Lyrics Quiz, Maroon 5

Top Quizzes Today


Score Distribution

Your Account Isn't Verified!

In order to create a playlist on Sporcle, you need to verify the email address you used during registration. Go to your Sporcle Settings to finish the process.

Report this User

Report this user for behavior that violates our Community Guidelines.

Details: